LEADER 05044oam 2201117I 450 001 9910781759703321 005 20230126202506.0 010 $a1-283-27850-2 010 $a9786613278500 010 $a0-520-95032-1 024 7 $a10.1525/9780520950320 035 $a(CKB)2550000000045850 035 $a(EBL)744000 035 $a(OCoLC)754581665 035 $a(SSID)ssj0000540694 035 $a(PQKBManifestationID)11346589 035 $a(PQKBTitleCode)TC0000540694 035 $a(PQKBWorkID)10586510 035 $a(PQKB)10618208 035 $a(StDuBDS)EDZ0000055871 035 $a(DE-B1597)520945 035 $a(OCoLC)759158602 035 $a(DE-B1597)9780520950320 035 $a(MiAaPQ)EBC744000 035 $a(EXLCZ)992550000000045850 100 $a20200424h20112011 uy 0 101 0 $aeng 135 $aurcn||||||||| 181 $ctxt$2rdacontent 182 $cc$2rdamedia 183 $acr$2rdacarrier 200 00$aRecreating Japanese men /$fedited by Sabine Frühstück and Anne Walthall 210 1$aBerkeley, CA :$cUniversity of California Press,$d[2011] 210 4$dİ2011 215 $a1 online resource (ix, 347 pages) $cillustrations 225 0 $aAsia: Local Studies / Global Themes ;$v20 300 $aDescription based upon print version of record. 311 $a0-520-26737-0 320 $aIncludes bibliographical references and index. 327 $tIntroduction. Interrogating Men and Masculinities --$tDo Guns Have Gender? Technology and Status in Early Modern Japan --$tName and Honor. A Merchant's Seventeenth-Century Memoir --$tEmpowering the Would-be Warrior Bushid? and the Gendered Bodies of the Japanese Nation --$tAfter Heroism. Must Real Soldiers Die? --$tPerpetual Dependency. The Life Course of Male Workers in a Merchant House --$tLosing the Union Man. Class and Gender in the Postwar Labor Movement --$tWhere Have All the Salarymen Gone? Masculinity, Masochism, and Technomobility in Densha Otoko --$tFailed Manhood on the Streets of Urban Japan. The Meanings of Self-Reliance for Homeless Men --$tCollective Maturation. The Construction of Masculinity in Early Modern Villages --$tClimbing Walls. Dismantling Hegemonic Masculinity in a Japanese Sport Subculture --$tNot Suitable as a Man? Conscription, Masculinity, and Hermaphroditism in Early Twentieth-Century Japan --$tLove Revolution. Anime, Masculinity, and the Future --$tGendering Robots. Posthuman Traditionalism in Japan. 330 $aThe essays in this groundbreaking book explore the meanings of manhood in Japan from the seventeenth to the twenty-first centuries. Recreating Japanese Men examines a broad range of attitudes regarding properly masculine pursuits and modes of behavior. It charts breakdowns in traditional and conventional societal roles and the resulting crises of masculinity. Contributors address key questions about Japanese manhood ranging from icons such as the samurai to marginal men including hermaphrodites, robots, techno-geeks, rock climbers, shop clerks, soldiers, shoguns, and more. In addition to bringing historical evidence to bear on definitions of masculinity, contributors provide fresh analyses on the ways contemporary modes and styles of masculinity have affected Japanese men's sense of gender as authentic and stable. 606 $aMen$zJapan$xIdentity 606 $aMasculinity$zJapan 606 $aMen$zJapan 606 $aSex role$zJapan 606 $aGender & Ethnic Studies$2HILCC 606 $aSocial Sciences$2HILCC 606 $aGender Studies & Sexuality$2HILCC 610 $aanthropologists. 610 $aanthropology. 610 $aasia scholars. 610 $aasian studies. 610 $abehavioral studies. 610 $acontemporary japan. 610 $acultural historians. 610 $aearly modern japan. 610 $aessay collection. 610 $ageeks. 610 $agender identity. 610 $agender roles. 610 $agender studies. 610 $agenerational. 610 $ahermaphrodites. 610 $ahistorians. 610 $ahistorical. 610 $ajapan. 610 $ajapanese culture. 610 $ajapanese history. 610 $ajapanese men. 610 $ajapanese society. 610 $amanhood. 610 $amasculinity. 610 $amens issues. 610 $amens roles. 610 $anonfiction essays. 610 $asamurai. 610 $ashoguns. 610 $asocial science. 610 $asociologists. 610 $atraditional roles. 615 0$aMen$xIdentity. 615 0$aMasculinity 615 0$aMen 615 0$aSex role 615 7$aGender & Ethnic Studies 615 7$aSocial Sciences 615 7$aGender Studies & Sexuality 676 $a305.38/895600903 702 $aFrühstück$b Sabine 702 $aWalthall$b Anne 801 0$bDE-B1597 801 1$bDE-B1597 906 $aBOOK 912 $a9910781759703321 996 $aRecreating Japanese men$93741134 997 $aUNINA LEADER 03379nam 22005655 450 001 9910369934103321 005 20251116220316.0 010 $a3-030-28557-X 024 7 $a10.1007/978-3-030-28557-9 035 $a(CKB)4100000009445216 035 $a(DE-He213)978-3-030-28557-9 035 $a(MiAaPQ)EBC5917312 035 $a(PPN)248604643 035 $a(EXLCZ)994100000009445216 100 $a20191004d2020 u| 0 101 0 $aeng 135 $aurnn|008mamaa 181 $ctxt$2rdacontent 182 $cc$2rdamedia 183 $acr$2rdacarrier 200 10$aDental Implant Treatment in Medically Compromised Patients /$fedited by Quan Yuan 205 $a1st ed. 2020. 210 1$aCham :$cSpringer International Publishing :$cImprint: Springer,$d2020. 215 $a1 online resource (XI, 253 p. 48 illus., 36 illus. in color.) 311 08$a3-030-28556-1 320 $aIncludes bibliographical references. 327 $aIntroduction -- Medically Compromised Patients: a Biological and Social Challenge -- The Role of Substance Abuse in Dental Implant Treatment -- Organ Diseases and Dental Implant Treatment -- Bone Diseases and Dental Implant Treatment -- Dental Implants Treatment for Diabetic Patients -- Immune system-related diseases and Dental Implant Treatment -- Drug-induced Disorders and Dental Implant Treatment -- Oral diseases and Dental Implant Treatment -- Other Conditions Affecting Dental Implant Treatment. 330 $aThis book is an ideal reference guide for clinicians seeking to improve their decision making and treatment outcomes when placing dental implants in medically compromised patients, in whom conditions for osseointegration and soft tissue healing may be unfavorable. Up-to-date information is provided on the potential impacts of a wide variety of diseases and disorders on dental implant treatment and the factors that need to be considered when deciding on the feasibility of such treatment. More specifically, for each condition possible disease-related changes in the oral environment are explained and key treatment issues are identified, including surgical and prosthodontic aspects and pharmacological considerations. The book will help general dentists, periodontists, and oral surgeons to reduce the risk of treatment failure and complications and to ensure that the implant therapy is successful in achieving excellent quality of life and functional benefits, thereby improving patient satisfaction. 606 $aDentistry 606 $aGeriatrics 606 $aDiabetes 606 $aDentistry$3https://scigraph.springernature.com/ontologies/product-market-codes/D00009 606 $aGeriatrics/Gerontology$3https://scigraph.springernature.com/ontologies/product-market-codes/H33150 606 $aDiabetes$3https://scigraph.springernature.com/ontologies/product-market-codes/H33045 615 0$aDentistry. 615 0$aGeriatrics. 615 0$aDiabetes. 615 14$aDentistry. 615 24$aGeriatrics/Gerontology. 615 24$aDiabetes. 676 $a617.6 676 $a617.693 702 $aYuan$b Quan$4edt$4http://id.loc.gov/vocabulary/relators/edt 801 0$bMiAaPQ 801 1$bMiAaPQ 801 2$bMiAaPQ 906 $aBOOK 912 $a9910369934103321 996 $aDental Implant Treatment in Medically Compromised Patients$92104130 997 $aUNINA